System Of A Down - Mezmerize Songs - Statistics

General Stats
  • This quiz has been taken 52 times
  • The average score is 9 of 11
Answer Stats
Spotify Streams Song % Correct
159,001,333 Lost In Hollywood
97%
733,270,572 B.Y.O.B.
91%
179,439,181 Cigaro
91%
52,734,964 Old School Hollywood
85%
230,932,893 RadioVideo
82%
81,319,222 Revenga
82%
155,646,942 Question!
79%
36,510,491 Soldier Side - Intro
79%
67,496,845 Sad Statue
76%
251,706,826 Violent Pornography
67%
58,625,620 This Cocaine Makes Me Feel Like I'm On This Song
64%
No matching quizzes found
Score Distribution
Percent of People with Each Score
Percentile by Number Answered
Your Score History
You have not taken this quiz